000 00507nam a2200181Ia 4500
005 20250508152707.0
008 008 250505s9999 xx 000 0 eng d
037 _aTextual
040 _aFEDL
_beng
_cFEDL
041 _aeng
_2eng
084 _a310, ZEL
_qFEDL
100 _aZelditch Morris
245 0 _aBasic course in : Sociological statistics
260 _aNew York, USA
_bHenry Holt and Company
_c1959
300 _axiii,370p.
942 _cTEXL
_h310, ZEL
999 _c1338101
_d1338101